• 首页
  • 本馆介绍
  • 公告通知
  • 最新文献
  • 馆藏检索
  • 电子资源
  • 读者导购
  • 参考咨询
  • 我的图书馆
  • 登录
  • 详细信息显示
  • 放入我的书架
  • 预约/预借图书
  • 作者相关作品
  • 分类相关作品
  • 丛书相关作品
  • 出版社相关作品

书目信息

  • 表格格式
  • 工作单格式
  • 卡片格式
题名:
拖拉机驾驶员读本
    
 
作者: ;河南省革命委员会农林局 编
分册:  
出版信息: 北京   机械工业出版社  1974
页数: 224页
开本: 19cm
丛书名:
单 册:
中图分类: S219
科图分类:
主题词: 拖拉机-驾驶员--培训 , 驾驶员-拖拉机--培训
电子资源:
ISBN:
000 00752nam0 2200241 45
001 0177002460
005 20060525094440.98
010    @dCNY1.00
100    @a19951018d1974 em y0chiy0121 ea
101 0  @achi
102    @aCN@b110000
105    @ay z 000yy
200 10 @a拖拉机驾驶员读本@Atuo la ji jia shi yuan du ben@f河南省革命委员会农林局编@Fhe nan sheng ge ming wei yuan hui nong lin ju bian
205    @a2版
210    @a北京@c机械工业出版社@d1974
215    @a224页@d19cm
606    @a拖拉机-驾驶员@x培训
606    @a驾驶员-拖拉机@x培训
690    @aS219@v3
711  0 @a河南省革命委员会农林局@Ahe nan sheng ge ming wei yuan hui nong lin ju@4编
801  2 @aCN@bNLC@c20060525
801  0 @aCN@bTSSF@c20060412
905    @a10447@dS219@e2
    
    拖拉机驾驶员读本/河南省革命委员会农林局编.-2版.-北京:机械工业出版社,1974
    224页;19cm
    
    
    ISBN :CNY1.00
    
●
相关链接 在E读中查询图书 在五车中查询图书 在当当中查询图书 在豆瓣中查询图书


正题名:拖拉机驾驶员读本     索取号:S219/2         预约/预借

序号 登录号 条形码 馆藏地/架位号 状态 备注
1 0015982   202228491   密集书库/ [索取号:S219/2] 在馆    
2 0015983   202228534   密集书库/ [索取号:S219/2] 在馆    
3 0017410   202382144   密集书库/ [索取号:S219/2] 在馆    
4 0017411   202228614   密集书库/ [索取号:S219/2] 在馆    
5 0017412   202255246   密集书库/ [索取号:S219/2] 在馆    
6 0017413   202382117   密集书库/ [索取号:S219/2] 在馆    
7 0017414   202228687   密集书库/ [索取号:S219/2] 在馆    
8 0017415   202228696   密集书库/ [索取号:S219/2] 在馆    
9 0017416   202255237   密集书库/ [索取号:S219/2] 在馆    
10 0017417   202228455   密集书库/ [索取号:S219/2] 在馆    
11 0017418   202228419   密集书库/ [索取号:S219/2] 在馆    
12 0017419   202228375   密集书库/ [索取号:S219/2] 在馆    
13 0017420   202228339   密集书库/ [索取号:S219/2] 在馆    
14 0017421   202382153   密集书库/ [索取号:S219/2] 在馆    
15 0017425   202228570   密集书库/ [索取号:S219/2] 在馆    
16 0017428   202228650   密集书库/ [索取号:S219/2] 在馆    
唐山师范学院图书馆 欢迎您!
大连网信软件有限公司© 版权所有